000 00861nam a2200241 4500
005 20260630123149.0
008 260630b |||||||| |||| 00| 0 eng d
020 _a0521219388
020 _a0521293189
050 _aHN660.A8
_bS56 1978
100 _aSimon, Rita James
245 _aContinuity and Change
_bA Study of two ethnic communities in Israel
_cRita James Simon
260 _aUnited state of America
_bMurray printing
_c1978
300 _axi,180p.:
_bIllu.
440 _aThe Arnold and Caroline Rose monograph series of the American Sociological Association
500 _aInclude Reference and Index
650 _aSocial surveys-Israel
650 _aJerusalem. Meah she'arim
_vSocial conditions
650 _aJews in Jerusalem
_vSocial conditions
650 _aPalestinian Arabs
_vIsrael
_xSocial conditions
650 _aSex role
942 _cBK
999 _c41580
_d41580